000 00410cam a2200169ua 4500
020 _c4.00
041 _amal
_h
082 _a894.812308
_bABD/PR
100 _aABDUL KADAR, KHARI .
245 _aPrema vijayam /
_cAbdul kadar khari.
_hTextual Documents
260 _aNamakkal :
_bAmina book stall ,
_c1956.
300 _a479 ; .
365 _a4.00
504 _a
942 _cBK
999 _c4966
_d4966